000 00884nam a2200169Ia 4500
008 090711s9999 xx 000 0 und d
082 _b1223
100 _aकाळे जयराम
245 _aराष्ट्रीय सहकारी वि. महा. विविध कर्ज व अनुदान यो. महा. सरकार
260 _bमनोविकास प्रकाशन
_c1995
300 _a88+2
600 _aकाळे जयराम
630 _aराष्ट्रीय सहकारी वि. महा. विविध कर्ज व अनुदान यो. महा. सरकार
700 _aकाळे जयराम
730 _aराष्ट्रीय सहकारी वि. महा. विविध कर्ज व अनुदान यो. महा. सरकार
942 _cBOOK
999 _c334082
_d334082